Statistics for Svenska Oscarsnomineringar för bästa utländska film

Click here to take the quiz!

General Stats

  • This quiz has been taken 5 times
  • The average score is 8 of 16

Answer Stats

Titel% Correct
Fanny och Alexander
100%
Jungfrukällan
60%
Lust och fägring stor
60%
The square
60%
Utvandrarna
60%
Ådalen 31
40%
En man som heter Ove
40%
Ingenjör Andrées luftfärd
40%
Käre John
40%
Kvarteret Korpen
40%
Nybyggarna
40%
Ondskan
40%
Oxen
40%
Såsom i en spegel
40%
Så som i himmelen
40%
Under solen
40%

Score Distribution

Percentile by Number Answered

Percent of People with Each Score

Your Score History

You have not taken this quiz